书目信息 |
| 题名: |
大学生成功求职系列
|
|
| 作者: | 休斯敦 编著 ;原海云 译 | |
| 分册: | 简历速成篇 | |
| 出版信息: | 北京 中国铁道出版社 2011 |
|
| 页数: | 171页 | |
| 开本: | 24cm | |
| 丛书名: | ||
| 单 册: | ||
| 中图分类: | G647.38 , H152.3 | |
| 科图分类: | ||
| 主题词: | 大学生--da xue sheng--职业选择 , 大学生--da xue sheng--职业选择--写作 | |
| 电子资源: | ||
| ISBN: | 978-7-113-12520-2 | |
| 000 | 01541nam 2200361 450 | |
| 001 | 012001008789 | |
| 005 | 20140102143400.0 | |
| 010 | @a978-7-113-12520-2@dCNY28.00 | |
| 092 | @aCN@bCEPC111501-0761 | |
| 099 | @aCAL 012011194580 | |
| 100 | @a20110629d2011 em y0chiy50 ea | |
| 101 | 1 | @achi@ceng |
| 102 | @aCN@b110000 | |
| 105 | @aak z 000yy | |
| 106 | @ar | |
| 200 | 1 | @a大学生成功求职系列@Ada xue sheng cheng gong qiu zhi xi lie@i简历速成篇@f(英) 凯瑟琳·休斯顿编著@g原海云译 |
| 210 | @a北京@c中国铁道出版社@d2011 | |
| 215 | @a171页@c图@d24cm | |
| 305 | @a据2008年英文版译出 | |
| 306 | @a本书中文简体版权经由锐拓传媒取得 | |
| 312 | @a英文题名取自版权页 | |
| 314 | @a责任者Houston规范汉译姓: 休斯敦 | |
| 330 | @a本书为那些没有工作经验的在校学生及刚离校的学生量身打造,提供许多关于简历制作的知识与技巧。专业指导如何从头到尾写一份“没有工作经验”的简历。书中详细解释了什么是简历、制作简历的目的。它将指导读者如何根据自己想找的工作类型完整地创作第一份简历。所以,无论读者是想要制作一份手写。打印的简历,或是一份网络简历;假期兼职,或是第一份全职工作,这里都有读者想要的答案。 | |
| 500 | 10 | @aWinning CVs for first-time job hunters@mChinese |
| 517 | 1 | @a简历速成篇@Ajian li su cheng pian |
| 606 | 0 | @a大学生@Ada xue sheng@x职业选择 |
| 606 | 0 | @a大学生@Ada xue sheng@x职业选择@x写作 |
| 690 | @aG647.38@v5 | |
| 690 | @aH152.3@v5 | |
| 701 | 1 | @a休斯敦@Axiu si dun@g(Houston, Kathleen)@4编著 |
| 702 | 0 | @a原海云@Ayuan hai yun@4译 |
| 801 | 2 | @aCN@b上海新华@c20191020 |
| 905 | @b1185838-41@dG647.38@e1135@f4 | |
| 大学生成功求职系列.简历速成篇/(英) 凯瑟琳·休斯顿编著/原海云译.-北京:中国铁道出版社,2011 |
| 171页:图;24cm |
| ISBN 978-7-113-12520-2:CNY28.00 |
| 本书为那些没有工作经验的在校学生及刚离校的学生量身打造,提供许多关于简历制作的知识与技巧。专业指导如何从头到尾写一份“没有工作经验”的简历。书中详细解释了什么是简历、制作简历的目的。它将指导读者如何根据自己想找的工作类型完整地创作第一份简历。所以,无论读者是想要制作一份手写。打印的简历,或是一份网络简历;假期兼职,或是第一份全职工作,这里都有读者想要的答案。 |
| ● |
| 相关链接 |
|
|
|
|
正题名:大学生成功求职系列
索取号:G647.38/1135
 
预约/预借
| 序号 | 登录号 | 条形码 | 馆藏地/架位号 | 状态 | 备注 |
| 1 | 1185838 | 211858382 | 第一样本阅览室/ [索取号:G647.38/1135] | 在馆 | |
| 2 | 1185839 | 211858391 | 第四借阅区/ [索取号:G647.38/1135] | 在馆 | |
| 3 | 1185840 | 211858408 | 第四借阅区/ [索取号:G647.38/1135] | 在馆 | |
| 4 | 1185841 | 211858417 | 第四借阅区/ [索取号:G647.38/1135] | 在馆 |